A review of national transport strategies across developed countries in Europe and elsewhere (Record no. 109606)

MARC details
000 -LEADER
fixed length control field 01740cad a22002535a 4500
001 - CONTROL NUMBER
control field E147542
008 - FIXED-LENGTH DATA ELEMENTS--GENERAL INFORMATION
fixed length control field 090521s2006 xxk f s000 0 eng d
020 ## - INTERNATIONAL STANDARD BOOK NUMBER
International Standard Book Number 0755929381
022 1# - INTERNATIONAL STANDARD SERIAL NUMBER
International Standard Serial Number 0950-2254
035 ## - SYSTEM CONTROL NUMBER
System control number (Sirsi) u147542
041 0# - LANGUAGE CODE
Language code of text/sound track or separate title eng
050 04 - LIBRARY OF CONGRESS CALL NUMBER
Classification number 711.7 $2 18
110 2# - MAIN ENTRY--CORPORATE NAME
Corporate name or jurisdiction name as entry element Atkins
9 (RLIN) 5263
245 02 - TITLE STATEMENT
Title A review of national transport strategies across developed countries in Europe and elsewhere
Medium [electronic resource]
260 ## - PUBLICATION, DISTRIBUTION, ETC.
Place of publication, distribution, etc. [Edinburgh]
Name of publisher, distributor, etc. Scottish Executive Social Research
Date of publication, distribution, etc. 2006
505 2# - FORMATTED CONTENTS NOTE
Formatted contents note Introduction: background to research; current transport strategies in Scotland; research methodology; report structure -- Case study identification: case study short-listing; review of national transport strategies -- Case study overview: summary of case study findings -- Good practice: introduction; strategy context; problems and issues; policy overview and objectives; the strategy; consultation and appraisal; implementation; monitoring; national transport strategy typology -- Recommendations -- Appendix A: relevant documents hyperlinks
520 ## - SUMMARY, ETC.
Summary, etc. Discusses the results of research aimed at identifying good practice in National Transport Strategies across Europe and elsewhere, and looking at ways in which Scotland can learn from such good practice. The countries examined were Denmark; Sweden; Finland; Germany; Canada; Austria; Singapore; New Zealand; Hong Kong; Switzerland; Netherlands New South Wales.
521 ## - TARGET AUDIENCE NOTE
Target audience note Advanced
651 #4 - SUBJECT ADDED ENTRY--GEOGRAPHIC NAME
Geographic name Scotland
Chronological subdivision 1999-
690 ## - LOCAL SUBJECT ADDED ENTRY--TOPICAL TERM (OCLC, RLIN)
Topical term or geographic name as entry element PROPERTY-INFRASTRUCTURE-TRANSPORT INFRASTRUCTURE
710 1# - ADDED ENTRY--CORPORATE NAME
Corporate name or jurisdiction name as entry element Mclean Hazel
9 (RLIN) 5737
856 40 - ELECTRONIC LOCATION AND ACCESS
Uniform Resource Identifier <a href="https://www.scotland.gov.uk/Publications/2006/02/02142231/0">https://www.scotland.gov.uk/Publications/2006/02/02142231/0</a>
Public note View the report free of charge at www.scotland.gov.uk...
942 ## - ADDED ENTRY ELEMENTS (KOHA)
Suppress in OPAC 0
Holdings
Withdrawn status Lost status Source of classification or shelving scheme Damaged status Not for loan Home library Current library Shelving location Date acquired Total Checkouts Full call number Barcode Date last seen Copy number Price effective from Koha item type
    Dewey Decimal Classification     Virtual Virtual Online 21/05/2009   ONLINE PUBLICATION 147542-2001 06/08/2019 1 06/08/2019 Book